00623nam a2200193Ia 450000500170000000800410001702000180005804100120007608200160008810000200010424500460012425000080017026000200017850000150019865000350021394200070024895201550025599900190041020240823014247.0240823s9999||||xx |||||||||||||| ||und|| a81-7409-187-4 aENGLISH A621.4022 P4 aChattopadhyay P 0aHeat Transfer Through Theory and Problems a3rd c2004b"Khanna," aTRANSFERED aHeatbAeronautical Engineering cBK 00104070aNICHELIBbNICHELIBcMechanicald2005-02-05eHigginbothams Private Ltdg185.00l0o621.4022 P4p23885r2024-08-23 01:42:47w2024-08-23yBK c169576d169576